Engineering thermodynamics / (Record no. 2511)

000 -LEADER
fixed length control field 00398nam a22001577a 4500
008 - FIXED-LENGTH DATA ELEMENTS--GENERAL INFORMATION
fixed length control field 200306b ||||| |||| 00| 0 eng d
020 ## - INTERNATIONAL STANDARD BOOK NUMBER
International Standard Book Number 0333192265
082 00 - DEWEY DECIMAL CLASSIFICATION NUMBER
Classification number 621.4021
Item number B7888
100 ## - MAIN ENTRY--PERSONAL NAME
9 (RLIN) 2100
Personal name Boxer, G.
245 10 - TITLE STATEMENT
Title Engineering thermodynamics /
250 ## - EDITION STATEMENT
Edition statement 1st ed.
260 ## - PUBLICATION, DISTRIBUTION, ETC. (IMPRINT)
Place of publication, distribution, etc London
Name of publisher, distributor, etc MacMillan
Date of publication, distribution, etc 1976
300 ## - PHYSICAL DESCRIPTION
Extent xxii,148 p.
650 #0 - SUBJECT ADDED ENTRY--TOPICAL TERM
Topical term or geographic name as entry element Thermodynamics
942 ## - ADDED ENTRY ELEMENTS (KOHA)
Item type Books
Holdings
Withdrawn status Lost status Source of classification or shelving scheme Damaged status Not for loan Permanent location Current location Date acquired Full call number Barcode Date last seen Koha item type Total Checkouts Total Renewals Date last borrowed
          IMU Kolkata IMU Kolkata 2020-03-06 621.4021 B7888 04779 2020-03-06 Books      
          IMU Kolkata IMU Kolkata 2020-03-06 621.4021 B7888 04780 2020-03-06 Books      
          IMU Kolkata IMU Kolkata 1980-08-18 621.4021 B7888 05159 2020-03-19 Books      
          IMU Kolkata IMU Kolkata 1980-08-18 621.4021 B7888 05160 2025-06-09 Books 2 3 2025-05-10
          IMU Kolkata IMU Kolkata 1982-04-21 621.4021 B7888 05252 2020-03-20 Books      
          IMU Kolkata IMU Kolkata 1982-04-21 621.4021 B7888 05253 2020-03-20 Books      
          IMU Kolkata IMU Kolkata 1982-04-21 621.4021 B7888 05254 2020-03-20 Books      
Designed and Maintained by IMU-KC Library, Kolkata Campus © Copyright All Rights Reserved

webs counters

Powered by Koha